Štúdium využitia nanočastíc/nanokompozitov pri odstraňovaní vybraných látok z vody
Guardado en:
| Autor principal: | |
|---|---|
| Otros Autores: | |
| Formato: | Manuscrito Libro |
| Lenguaje: | eslovaco |
| Publicado: |
2023
|
| Materias: | |
| Acceso en línea: | http://is.stuba.sk/zp/portal_zp.pl?podrobnosti=157837 |
| Etiquetas: |
Sin Etiquetas, Sea el primero en etiquetar este registro!
|
MARC
| LEADER | 00000ntm a22000003a 4500 | ||
|---|---|---|---|
| 001 | stuzp76168 | ||
| 003 | SK-STU | ||
| 005 | 20230909210437.7 | ||
| 007 | ta | ||
| 008 | 150427s2015----xo-----f-mn---000-0-slo-d | ||
| 040 | |a STU |b slo | ||
| 041 | 0 | |a slo | |
| 100 | 1 | |a Sanny, Zuzana |u 065000 |4 aut |U MTF Materiálovotechnologická fakulta |T MTF Ústav integrovanej bezpečnosti |X 33651 |U M5000 |Y 85 |7 33651 | |
| 242 | 0 | 1 | |a Study of the use of nanoparticles/nanocomposites for removing hazardous substances from water |y eng |
| 245 | 1 | 0 | |a Štúdium využitia nanočastíc/nanokompozitov pri odstraňovaní vybraných látok z vody |
| 260 | |c 2023 | ||
| 650 | 4 | |a nanočastice |2 slo | |
| 650 | 4 | |a aniónové farbivá |2 slo | |
| 650 | 4 | |a Pseudo - prvý poriadok |2 slo | |
| 650 | 4 | |a magnetit Fe3O4 |2 slo | |
| 650 | 4 | |a magnetický zber |2 slo | |
| 650 | 4 | |a katiónové farbivá |2 slo | |
| 650 | 4 | |a Pseudo - druhý poriadok |2 slo | |
| 650 | 4 | |a mikoriasy |2 slo | |
| 650 | 4 | |a adsorpcia |2 slo | |
| 650 | 4 | |a účinnosť adsorpcie |2 slo | |
| 650 | 4 | |a nanoparticles |2 eng | |
| 650 | 4 | |a magnetite Fe3O4 |2 eng | |
| 650 | 4 | |a magnetic collection |2 eng | |
| 650 | 4 | |a micoriaises |2 eng | |
| 650 | 4 | |a adsorption |2 eng | |
| 650 | 4 | |a adsorption efficiency |2 eng | |
| 650 | 4 | |a anionic dyes |2 eng | |
| 650 | 4 | |a Pseudo - first order |2 eng | |
| 650 | 4 | |a Pseudo - second order |2 eng | |
| 650 | 4 | |a cationic dyes |2 eng | |
| 700 | 1 | |a Gerulová, Kristína |u 065100 |k Z1 |4 ths |U MTF Ústav integrovanej bezpečnosti |T MTF Katedra environmentálneho inžinierstva |X 4746 |U M5100 |Y 194 |7 A000004746 | |
| 856 | 4 | |u http://is.stuba.sk/zp/portal_zp.pl?podrobnosti=157837 | |
| 996 | |c M* DzP-703 |l MMSKP |s P |a 0 |w stuzp76168_0001 | ||